| 000 | 00593nam a2200181 a 4500 | ||
|---|---|---|---|
| 005 | 20240416063958.0 | ||
| 008 | 991125s1994 mx 000 0 spa u | ||
| 020 | _a9701304365 | ||
| 035 | _aUPN01000000182 | ||
| 049 | _aC | ||
| 050 | 4 |
_aHA765 _bE2 1994 |
|
| 110 | 2 | _aInstituto Nacional de Estadística, Geografía e Informática (México) | |
| 245 | 1 | 3 |
_aEl ABC de las estadísticas de educación / _cInstituto Nacional de Estadística, Geografía e Informática. |
| 260 |
_aMéxico : _bINEGI, _c1994. |
||
| 300 | _a28 p. | ||
| 650 | 4 |
_aEducación _zMéxico _vEstadística _97313 |
|
| 905 | _aLibro | ||
| 999 |
_c182 _d182 |
||